Amigas y conocidas de la Veneno - Estadísticas

Estadísticas generales
  • Esta prueba ha sido intentada 35 veces
  • La puntuación promedio es 6 de 8
Estadísticas de respuestas
Hint Respuesta % Correcto
Mi marido el italiano
96%
La Val _____quiria
92%
La Paca la piraña
88%
La Carmen de Mairena
83%
La Rocío de Sevilla
75%
La Sandra la camellona
75%
La Ana la sevillana
54%
La Toni _____sha
50%
No se encontraron pruebas coincidentes
Distribución de puntuación
Porcentaje de gente con cada puntuación
Porcentaje por número respondido
Historial de tus puntuaciones
No has intentado esta prueba.